| 000 | 01153nam a22002777a 4500 | ||
|---|---|---|---|
| 001 | 8767 | ||
| 003 | FISKH | ||
| 005 | 20251020082649.0 | ||
| 008 | 251020b cb ||||| |||| 00| 0 eng d | ||
| 020 | _a9780194791168 | ||
| 040 |
_aFISKH _beng _cFISKH _dFISKH |
||
| 050 | _aPE1126.A4 N632 | ||
| 082 | _a428.6 | ||
| 100 |
_aShelley, Mary _eAuthor |
||
| 245 |
_aFrankenstein / _cRetold by Patrick Nobes |
||
| 260 |
_aNew York : _bOxford University , _c1989 |
||
| 300 |
_a72 pages : _billustrations ; _c20 cm |
||
| 505 | _aN | ||
| 520 | _aVictor Frankenstein thinks he has found the secret of life. He takes parts from dead people and builds a new 'man'. But this monster is so big and frightening that everyone runs away from him - even Frankenstein himself! The monster is like an enormous baby who needs love. But nobody gives him love, and soon he learns to hate. And, because he is so strong, the next thing he learns is how to kill . . . | ||
| 521 | 8 |
_a670
_bLexile |
|
| 521 | 8 |
_aN
_bRaz-Plus |
|
| 650 |
_aFantasy & horror _vFrankenstein |
||
| 650 |
_aOxford Bookworms _vPre-intermediate |
||
| 942 |
_2ddc _cBK _n0 |
||
| 999 |
_c8767 _d8767 |
||